LEADER 00829nam0 2200265 450 001 000006144 005 20091105111452.0 010 $a88-453-0909-6 100 $a20051125d1998----km-y0itay50------ba 101 0 $aita 102 $aIT 200 1 $a<>sistema informativo aziendale$fPier Franco Camussone 210 $aMilano$cEtaslibri$dc1998 215 $a485 p.$cill.$d24 cm 225 2 $aGestione d'impresa$iDirezione 410 0$12001$aGestione d'impresa 610 1 $aAziende$aSistemi informativi 676 $a658.4038011$v20 700 1$aCamussone,$bPier Franco$0105226 801 0$aIT$bUNIPARTHENOPE$c20051125$gRICA$2UNIMARC 912 $a000006144 951 $aP1 658-S/57$b38140$cNAVA1$d2005 951 $a658-S/57 (1)$b41852$cNAVA1$d2009 996 $aSistema informativo aziendale$965144 997 $aUNIPARTHENOPE LEADER 01371nam0 22002891i 450 001 UON00247738 005 20231205103618.444 100 $a20040113d2002 |0itac50 ba 101 $aspa 102 $aES 105 $a|||| ||||| 200 1 $aOrigen de la agricultura en el Pais Vasco y transformaciones en el paisaje$eanalisis de restos vegetales arqueologicos$fLydia Zapata Pena 210 $a223 p.$cill. ; 28 cm 316 $aDIPUTACION FORAL DE BIZKAIA BIZKAIKO FORU ALDUNDIA BILBAO-SPAIN$5IT-UONSI Per K0080 SUPPL.04/2002 410 1$1001UON00093891$12001 $aKobie. Anejo$v4 606 $aPALEOBOTANICA$xPaese basco$3UONC053556$2FI 606 $aAGRICOLTURA$xPaese basco$xOrigini$3UONC053557$2FI 620 $aES$dBilbao$3UONL002422 676 $a561.1$cPALEOBOTANICA$v21 700 1$aZAPATA PENA$bLydia$3UONV145971$0688601 712 $aDiputacion Foral de Bizkaia$3UONV261706$4650 801 $aIT$bSOL$c20240220$gRICA 899 $aSIBA - SISTEMA BIBLIOTECARIO DI ATENEO$2UONSI 912 $aUON00247738 950 $aSIBA - SISTEMA BIBLIOTECARIO DI ATENEO$dSI Per K 0080 SUPPL. 04 2002 $eSI MC 27534 5 2002 DIPUTACION FORAL DE BIZKAIA BIZKAIKO FORU ALDUNDIA BILBAO-SPAIN 996 $aOrigen de la agricultura en el Pais Vasco y transformaciones en el paisaje$91235647 997 $aUNIOR